00305nam a2200121Ia 4500008004100000082001600041100002400057245004200081250000800123260002700131300000900158650001600167191201s2012 xx 000 0 und d a621.38bBOC aBOYLESTAD, Robert L 0aElectronic Devices and Circuit Theory a8th aN.DelhibPearsonc2012 a1020 aB.Tech(ECE)